Classical rhetoric for the modern student. /: (Record no. 10036)

MARC details
000 -LEADER
fixed length control field 00919nam a22002537a 4500
005 - DATE AND TIME OF LATEST TRANSACTION
control field 20230907100321.0
008 - FIXED-LENGTH DATA ELEMENTS--GENERAL INFORMATION
fixed length control field 230907b ||||| |||| 00| 0 eng d
020 ## - INTERNATIONAL STANDARD BOOK NUMBER
International Standard Book Number 0195115422(4e)
050 ## - LIBRARY OF CONGRESS CALL NUMBER
Classification number PN175.C57
082 ## - DEWEY DECIMAL CLASSIFICATION NUMBER
Edition number dc21
Classification number 808
100 ## - MAIN ENTRY--PERSONAL NAME
Personal name Corbett, Edward P.J.
9 (RLIN) 2378
245 ## - TITLE STATEMENT
Title Classical rhetoric for the modern student. /:
Statement of responsibility, etc. Edward P.J. Corbett
250 ## - EDITION STATEMENT
Edition statement 4th ed
260 ## - PUBLICATION, DISTRIBUTION, ETC.
Place of publication, distribution, etc. New York, NY.
Name of publisher, distributor, etc. Oxford University Press
Date of publication, distribution, etc. 1999
300 ## - PHYSICAL DESCRIPTION
Extent xii, 562 p:
Other physical details Bibliography, Index,
500 ## - GENERAL NOTE
General note Includes bibliographical references and index
505 ## - FORMATTED CONTENTS NOTE
Formatted contents note Contents: Introduction -- Discovery of arguments -- Arrangement of material -- Style -- The progymnasmata -- A survey of rhetoric
650 ## - SUBJECT ADDED ENTRY--TOPICAL TERM
Topical term or geographic name entry element Rhetoric, Ancient
9 (RLIN) 2036
650 ## - SUBJECT ADDED ENTRY--TOPICAL TERM
Topical term or geographic name entry element English Language - Rhetoric
9 (RLIN) 2265
650 ## - SUBJECT ADDED ENTRY--TOPICAL TERM
Topical term or geographic name entry element I. Connors, Robert J.
9 (RLIN) 2379
650 ## - SUBJECT ADDED ENTRY--TOPICAL TERM
Topical term or geographic name entry element II. Title
9 (RLIN) 2307
700 ## - ADDED ENTRY--PERSONAL NAME
Personal name Connors, Robert J.
9 (RLIN) 2380
942 ## - ADDED ENTRY ELEMENTS (KOHA)
Source of classification or shelving scheme Library of Congress Classification
Koha item type Books
Holdings
Withdrawn status Lost status Source of classification or shelving scheme Damaged status Not for loan Home library Current library Shelving location Date acquired Total Checkouts Full call number Barcode Date last seen Price effective from Koha item type
    Library of Congress Classification     WISCONSIN INTERNATIONAL UNIVERSITY COLLEGE, GHANA KUMASI LIBRARY WISCONSIN INTERNATIONAL UNIVERSITY COLLEGE, GHANA KUMASI LIBRARY General Stacks 14/03/2023   PN175.C57 K/3054/0152/23 07/09/2023 07/09/2023 Books

If you have any concerns or questions; kindly contact the library


© Powered by WIUC ICT DIRECTORATE